Sliced Movies II Quiz Stats

 Plays Quiz Updated Jul 13, 2017

Support Sporcle.
Go Orange.
Score 0/22 Timer 06:00
0 Plays Today
% Correct
The Shining
94.2%
Gladiator
93.9%
Forrest Gump
93.5%
Jurassic Park
91.5%
Wedding Crashers
90.1%
300
89.9%
School of Rock
89%
Star Wars
84.1%
Meet the Fockers
83.3%
The Birds
81.6%
Bridesmaids
81.5%
% Correct
Jaws
81%
Django Unchained
78.6%
Ocean's Eleven
77%
The Last Samurai
71.2%
Rocky IV
67.6%
Little Miss Sunshine
63.9%
Erin Brockovich
57.9%
Shallow Hal
55.7%
No Country for Old Men
48.6%
Rear Window
45.5%
Noah
41.5%

You're not logged in!

Compare scores with friends on all Sporcle quizzes.
OR
Log In
Forgot?

From the Vault

Intersecting Trivia: Literature

by bhenderson79

We simply need more books written as crosswords.
Remove Ads.
Support Sporcle.
Get the best of Sporcle when you Go Orange. This ad-free experience offers more features, more stats, and more fun while also helping to support Sporcle. Thank you for becoming a member.

Show Comments

Extras

Top Quizzes Today


Score Distribution

Your Account Isn't Verified!

In order to create a playlist on Sporcle, you need to verify the email address you used during registration. Go to your Sporcle Settings to finish the process.

Report this User

Report this user for behavior that violates our Community Guidelines.

Details: